000 00835nam a2200253Ia 4500
003 OSt
005 20220925232109.0
006 a|||||r|||| 00| 0
007 ta
008 220923b |||||||| |||| 00| 0 eng d
037 _cGeneral Book
040 _aRTL
_cRTL
_beng
041 _2eng
_aeng
082 _aX:9-75.7z.N75<--N35, L6
100 _aClague Ewan
_9296703
245 0 _aManpower policies and programs
_b A review, 1935-75
260 _aMichigan
_bWEUIER
_c1976
300 _axiii, 93p. Appendix p 92-93
_ccm.
490 _aWE Upjohn Institute for Employment Research, Studies in Employment and Unemployment
650 _aLabour Economics
_921364
700 _a Kramer Leo
_9296704
942 _hX:9-75.7z.N75<--N35, L6
_cGB
_2CC
999 _c590305
_d590305